Journal of innovations and applied statistics vedecký internetový časopis

Enregistré dans:
Détails bibliographiques
Format: Publication en série
Langue:slovaque
Publié: Košice Katedra hospodárskej informatiky a matematiky PHF EU 2012
Tags: Ajouter un tag
Pas de tags, Soyez le premier à ajouter un tag!

MARC

LEADER 00000nas2a2200000 4500
001 0159424
005 20170720113256.4
022 |a 1338-5224 
041 0 |a slo 
044 |a SK 
245 1 0 |a Journal of innovations and applied statistics  |b vedecký internetový časopis 
264 1 |a Košice  |b Katedra hospodárskej informatiky a matematiky PHF EU  |c 2012 
773 0 |w eu_un_cat*0143232